000 00262nam a22001217a 4500
008 170607b xxu||||| |||| 00| 0 eng d
041 _aeng
080 _a327
100 _a18
101 _aSHH
245 _aCOMPORATIVE POLITICS
_cONEIL.P.H
942 _2udc
_cBK
999 _c16248
_d16248